Byene/Tettstedene i Vest-Agder over 2,000 innbyggere - Statistics

General Stats
  • This quiz has been taken 30 times
  • The average score is 6 of 11
Answer Stats
Befolkning By % Correct
61,536 Kristiansand
100%
10,851 Mandal
94%
6,045 Flekkefjord
89%
9,259 Søgne
83%
5,036 Lyngdal
72%
12,920 Vennesla
72%
3,420 Farsund
56%
2,040 Vanse
6%
2,478 Liknes
0%
3,658 Nodeland
0%
3,412 Skålevik
0%
No matching quizzes found
Score Distribution
Percent of People with Each Score
Percentile by Number Answered
Your Score History
You have not taken this quiz